Regions of Ivory Coast - Statistics

General Stats
  • This quiz has been taken 2,196 times
  • The average score is 11 of 33
Answers on the Map
Answers color-coded by a green-red scale on the quiz's map according to % correct below.
 
Answer Stats
Region % Correct
Yamoussoukro
81%
Abidjan
79%
La Mé
41%
San-Pédro
40%
Folon
36%
Haut-Sassandra
35%
N'Zi
35%
Gôh
34%
Poro
34%
Béré
33%
Kabadougou
33%
Sud-Comoé
33%
Worodougou
33%
Bagoué
32%
Cavally
32%
Nawa
32%
Bafing
31%
Bélier
31%
Grands-Ponts
31%
Agnéby-Tiassa
30%
Gbôklè
30%
Gbèkè
29%
Marahoué
29%
Tchologo
29%
Bounkani
28%
Gontougo
28%
Guémon
28%
Hambol
28%
Iffou
28%
Loh-Djiboua
28%
Tonkpi
27%
Moronou
26%
Indénié-Djuablin
24%
No matching quizzes found
Score Distribution
Percent of People with Each Score
Percentile by Number Answered
Your Score History
You have not taken this quiz